Prayers and Meditations (Record no. 121030)
[ view plain ]
| 000 -LEADER | |
|---|---|
| fixed length control field | 00498nam a22001457a 4500 |
| 008 - FIXED-LENGTH DATA ELEMENTS--GENERAL INFORMATION | |
| fixed length control field | 140930b xxu||||| |||| 00| 0 eng d |
| 020 ## - INTERNATIONAL STANDARD BOOK NUMBER | |
| International Standard Book Number | 0816422842 |
| 050 ## - LIBRARY OF CONGRESS CALL NUMBER | |
| Classification number | BX2350.2.R34213 |
| 100 ## - MAIN ENTRY--PERSONAL NAME | |
| Personal name | Rahner, Karl |
| 9 (RLIN) | 4800 |
| 245 ## - TITLE STATEMENT | |
| Title | Prayers and Meditations |
| Remainder of title | an anthology of the spiritual writings of Karl rahner |
| Statement of responsibility, etc | Karl Rahner |
| 260 ## - PUBLICATION, DISTRIBUTION, ETC. (IMPRINT) | |
| Place of publication, distribution, etc | New York |
| Name of publisher, distributor, etc | The Seabury Press |
| Date of publication, distribution, etc | 1980 |
| 300 ## - PHYSICAL DESCRIPTION | |
| Extent | 117p. ; |
| Dimensions | 21cm. |
| 650 ## - SUBJECT ADDED ENTRY--TOPICAL TERM | |
| Topical term or geographic name as entry element | Spiritual life |
| General subdivision | Catholic authors |
| -- | collected works |
| 9 (RLIN) | 11906 |
| 942 ## - ADDED ENTRY ELEMENTS (KOHA) | |
| Source of classification or shelving scheme | Library of Congress Classification |
| Item type | Monograph ( Printed materials) |
| Withdrawn status | Lost status | Source of classification or shelving scheme | Damaged status | Not for loan | Collection code | Home library | Current library | Shelving location | Date acquired | Total Checkouts | Full call number | Barcode | Date last seen | Date last borrowed | Price effective from | Koha item type |
|---|---|---|---|---|---|---|---|---|---|---|---|---|---|---|---|---|
| Library of Congress Classification | Main Collection | ARRUPE LIBRARY | ARRUPE LIBRARY | Main Collection | 30/09/2014 | 3 | BX2350.2.R34213 | 46500003861 | 19/05/2021 | 13/03/2020 | 30/09/2014 | Monograph ( Printed materials) |